| 000 | 00618nam a2200229 a 4500 | ||
|---|---|---|---|
| 001 | BRCA_8021 | ||
| 005 | 20190320210110.0 | ||
| 008 | 190314s1962----enka###f##---#001-0#eng-# | ||
| 041 | _aeng | ||
| 044 | _aenk | ||
| 050 | 4 |
_aSB413 _b.A63 _c1962 |
|
| 100 | 1 |
_aAllwood, Montagu C. _919926 |
|
| 245 | 1 | 0 |
_aCarnations for Everyman _cMontagu C. Allwood. |
| 250 | _a15 | ||
| 260 |
_aLondon _bBlanford Press _c1962 |
||
| 300 |
_aIX, 120 p. _bil. (algunas a color) _c21 cm. |
||
| 500 | _a3163 | ||
| 650 | 1 | 4 |
_aClaveles _vCuidados _918646 |
| 650 | 1 | 4 |
_aFloricultura _vManuales y guĂas _919927 |
| 902 | _aGFM | ||
| 942 |
_2lcc _cB |
||
| 999 |
_c7690 _d7690 |
||